| 000 | 00513nam a22001817a 4500 | ||
|---|---|---|---|
| 999 |
_c167275 _d167275 |
||
| 005 | 20190826152744.0 | ||
| 010 | _aENG-126313 | ||
| 020 |
_c210.00 _a9788193708866 |
||
| 035 | _aEN-109845 | ||
| 037 | _bDBAD/PUB | ||
| 082 | _a384.30285 | ||
| 100 | _aVengatesan, G. | ||
| 245 |
_aEssential of Computer in Business/ _cby G. Vengatesan |
||
| 260 |
_aTamilnadu _bBlue Hill Publishers _c2018 |
||
| 270 |
_bCoimbatore _a _e641113 |
||
| 300 |
_a68p. _c22cm(pbk) |
||
| 942 |
_2ddc _cEN _h384.30285 _mVEN |
||